| 000 | 01376nam a22001697a 4500 | ||
|---|---|---|---|
| 003 | SGT | ||
| 020 | _a9788126509300 | ||
| 082 | _a572,CON | ||
| 100 | _aCONN,ERIC E | ||
| 245 | _aOUTLINES OF BIOCHEMISTRY | ||
| 250 | _a5TH | ||
| 260 |
_aNEW DELHI _bWILEY INDIA _c2016 |
||
| 300 | _a693 | ||
| 650 | _aBIOCHEMISTRY | ||
| 653 | _aPART I STRUCTURES AND FUNCTIONS OF BIOLOGICAL MOLECULES • WHAT BIOCHEMISTS STUDY • CARBOHYDRATES • AMINO ACIDS AND PROTEINS • ENZYMES • VITAMINS AND COENZYMES • NUCLEIC ACIDS AND THEIR COMPONENTS • LIPIDS • THE CELL: ITS BIOCHEMICAL ORGANIZATION PART II METABOLISM OF ENERGY YIELDING MOLECULES • INTRODUCTION TO METABOLISM AND BIOCHEMICAL ENERGETICS • CARBOHYDRATES I: GLYCOLYSIS • CARBOHYDRATES II: BIOSYNTHETIC ROLE OF GLYCOLYSIS AND PENTOSE PHOSPHATE METABOLISM • CARBOHYDRATES III: THE TRICARBOXYLIC ACID CYCLE • LIPID METABOLISM • ELECTRON TRANSPORT AND OXIDATIVE PHOSPHORYLATION. • PHOTOSYNTHESIS • THE NITROGEN AND SULFUR CYCLES • THE METABOLISM OF AMMONIA AND NITROGEN-CONTAINING COMPOUNDS • ENZYME-MEDIATE REGULATION OF METABOLISM PART III GENES, GENE EXPRESSION AND THE METABOLISM OF INFORMATIONAL MACROMOLECULES • BIOSYNTHESIS OF NUCLEIC ACIDS • BIOSYNTHESIS OF PROTEINS • REGULATION OF GENE EXPRESSION • GENE REARRANGEMENT, GENE MANIPULATION AND NON-CELLULAR ORGANISMS | ||
| 942 |
_2ddc _cBK _014 |
||
| 999 |
_c9965 _d9965 |
||